ბათუმის შოთა რუსთაველის სახელმწიფო უნივერსიტეტის ბიბლიოთეკა

თხზულებანი 5 ტომად. ტ.5. წერილები, პორტრეტები (ბიბ.ჩანაწერი № 47799)

000 -LEADER
fixed length control field 00645nam a2200193Ia 4500
001 - CONTROL NUMBER
control field 14673
003 - CONTROL NUMBER IDENTIFIER
control field GE_BSU
008 - FIXED-LENGTH DATA ELEMENTS--GENERAL INFORMATION
fixed length control field 181216s||||||||xx |||||||||||||| ||und||
040 ## - CATALOGING SOURCE
Transcribing agency GE_BSU
080 ## - UNIVERSAL DECIMAL CLASSIFICATION NUMBER
Universal Decimal Classification number 821.353.1+821.353.1-92+821.353.1-09
100 ## - MAIN ENTRY--PERSONAL NAME
Personal name ქიაჩელი,ლეო
245 ## - TITLE STATEMENT
Title თხზულებანი 5 ტომად. ტ.5. წერილები, პორტრეტები
260 ## - PUBLICATION, DISTRIBUTION, ETC.
Place of publication, distribution, etc. თბილისი
260 ## - PUBLICATION, DISTRIBUTION, ETC.
Name of publisher, distributor, etc. საბჭოთა საქართველო
260 ## - PUBLICATION, DISTRIBUTION, ETC.
Date of publication, distribution, etc. 1964
300 ## - PHYSICAL DESCRIPTION
Extent 127გვ.
653 ## - INDEX TERM--UNCONTROLLED
Uncontrolled term წერილები, პორტრეტები
942 ## - ADDED ENTRY ELEMENTS (KOHA)
Koha item type წიგნი
ეგზემპლარები
Withdrawn status Lost status Damaged status Not for loan Date acquired Barcode Date last seen Price effective from Koha item type
        2018-12-17 37658 2018-12-17 2018-12-17 წიგნი
        2018-12-17 37659 2018-12-17 2018-12-17 წიგნი
        2018-12-17 37660 2018-12-17 2018-12-17 წიგნი